লোডিং...

സമകാലിക ഇന്ത്യ

গ্রন্থ-পঞ্জীর বিবরন
প্রধান লেখক: Satish Deshpande
বিন্যাস: Printed Book
প্রকাশিত: Thrissur Kerala Sasthra sahitya Parishath 2014
সংস্করন:1st
বিষয়গুলি:
LEADER 00582nam a22001577a 4500
020 |a 978 93 83330 57 7 
082 |a 300  |b SAT/S Q4 
100 |a Satish Deshpande  |9 321917 
245 |a സമകാലിക ഇന്ത്യ 
250 |a 1st 
260 |a Thrissur  |b Kerala Sasthra sahitya Parishath  |c 2014 
650 |a മലയാളം;  |9 321918 
650 |a Malayalam; Social Science  |9 321919 
942 |c BK 
999 |c 77607  |d 77607 
952 |0 0  |1 0  |4 0  |6 300_000000000000000_SAT_S_Q4  |7 0  |8 Socia  |9 91036  |a MAL  |b MAL  |d 2017-06-15  |e 57863  |g 300.00  |l 0  |o 300 SAT/S Q4  |p MAL057863  |r 2017-06-15  |t 1  |w 2017-06-15  |y BK